000 00626nam a2200217 a 4500
999 _c2002
_d2002
007 ta
008 191220t2010 xxua|||g |||| 00| 0 eng d
040 _aKO
_beng
041 0 _aeng
044 _axxu
082 0 4 _223
_a338.37270954
_bW89317
110 _aThe World Bank
245 1 0 _aIndia Marine Fisheries :
_bissues, opportunities and transitions for sustainable development /
_cThe World Bank
260 _aNew Delhi :
_bThe World Bank ,
_c2010.
300 _axviii, 103 p. ;
_c28 cm
490 0 _aReport / The World Bank ;
_vNo. 54259-IN
650 0 _aFisheries
_zIndia
904 _aA_BOSE
942 _cBK